[Event "FIDE World Cup 2017"]
[Site "Tbilisi"]
[Date "2017.09.03"]
[Round "1.1"]
[White "Vidit, Santosh Gujrathi"]
[Black "Delgado Ramirez, Neuris"]
[Result "1/2-1/2"]
[WhiteElo "2702"]
[BlackElo "2614"]
[Annotator "TA"]
[PlyCount "63"]
[EventDate "2017.??.??"]
[EventType "k.o."]
[EventCountry "GEO"]
[SourceTitle "playchess.com"]
[Source "ChessBase"]
[SourceQuality "1"]

{[%evp 22,63,37,35,39,21,48,56,48,49,71,48,58,48,62,35,35,-6,0,-44,20,19,29,0,0,0,0,16,9,5,26,0,0,0,0,0,0,0,0,0,0,0,0,0]} 1. d4 Nf6 2. c4 e6 3. Nf3 c5 4. e3 d5 5. cxd5 exd5 6. Bb5+ Nc6 7. O-O cxd4 8. exd4 Be7 9. Ne5 Bd7 10. Nc3 O-O 11. Re1 {B14: Caro-Kann: Panov-Botvinnik Attack with 5...e6 and 5...g6} (11. Bf4 Rc8 12. Re1 a6 13. Bxc6 Bxc6 14. Re3 b5 15. Ne2 Bd7 16. Ng3 Be6 17. f3 Nd7 18. Qe2 Re8 {½-½ (65) Kuzubov,Y (2701)-Parligras,M (2580) Al Ain 2014}) 11... Rc8 12. Bg5 {LiveBook: 7 Games} a6 13. Ba4 {White is slightly better.} (13. Bxc6 $5 Bxc6 14. Qe2 $14 (14. Nxc6 bxc6 15. Bh4 Bd6 $11)) 13... Be6 14. Bxc6 bxc6 {[#]} 15. Na4 $146 ({Predecessor:} 15. Qe2 Qb6 16. Nxf7 Bxf7 17. Qxe7 Rfe8 18. Qc5 Qxc5 19. dxc5 {½-½ (57) Suba,M (2565)-Koutsin,S (2435) Collado Villalba 1996}) 15... h6 16. Bxf6 Bxf6 17. Rc1 Re8 18. Nc5 Bf5 19. f4 (19. Qf3 $5 {[%cal Rf3f5]} g6 20. Qc3 $11) 19... Be7 20. Nb3 (20. Qh5 $5 {[%cal Rh5f7]} g6 21. Qd1 $11 (21. Qxh6 Bf8 $17)) 20... Qd6 ({Black should play} 20... Bd6 $15) 21. Qh5 $11 Bg6 22. Nxg6 fxg6 23. Qe5 Qb4 24. Qe6+ $1 Kf8 $1 $132 {[%mdl 2048] Black is not keeping still} 25. Qxg6 {[#] Strongly threatening Re6.} Bf6 26. Qg3 (26. Red1 {with more complications.} Re2 27. Kh1 Kg8 28. h3 Qd6 29. Rf1) 26... Bxd4+ {The position is equal.} 27. Nxd4 Qxd4+ 28. Qf2 Rxe1+ 29. Rxe1 Qxf2+ 30. Kxf2 c5 31. Re6 c4 32. Rxa6 {Precision: White = 43%, Black = 56%.} 1/2-1/2

[Event "FIDE World Cup 2017"]
[Site "Tbilisi"]
[Date "2017.09.03"]
[Round "1.1"]
[White "Amin, Bassem"]
[Black "Erdos, Viktor"]
[Result "1/2-1/2"]
[WhiteElo "2699"]
[BlackElo "2619"]
[Annotator "TA"]
[PlyCount "114"]
[EventDate "2017.??.??"]
[EventType "k.o."]
[EventCountry "GEO"]
[SourceTitle "playchess.com"]
[Source "ChessBase"]
[SourceQuality "1"]

{[%evp 16,114,29,10,15,9,10,10,16,8,10,9,8,0,13,0,0,4,23,32,42,52,54,-15,-14,-3,0,-20,-17,-45,-53,-56,-46,-52,-39,-47,-47,-47,-54,-61,-40,-26,-28,-35,-13,-12,0,-14,0,0,0,0,0,0,0,0,0,0,8,6,6,13,18,12,62,56,66,23,24,18,39,14,14,14,14,14,21,8,8,8,8,8,8,8,8,8,8,0,0,0,0,0,0,0,0,0,0,0,0,0,0]} 1. e4 c5 2. Nf3 Nc6 3. Bb5 g6 4. Bxc6 bxc6 5. O-O Bg7 6. Re1 Nf6 {[%cal Bg8f6,Bf6d5,Bd5c7,Bc7e6,Be6d4][%mdl 32]} 7. e5 Nd5 8. c4 {B31: Sicilian: 2...Nc6 3 Bb5 g6} Nc7 9. b3 {LiveBook: 5 Games} (9. d4 cxd4 10. Qxd4 Ne6 11. Qh4 d6 12. exd6 Qxd6 13. Nc3 h5 14. Bd2 O-O 15. Ne4 Qc7 16. Bc3 f6 17. Qg3 Qxg3 18. hxg3 Rd8 {½-½ (56) Anand,V (2783)-Kasparov,G (2812) Saint Louis 2017}) 9... Ne6 10. Bb2 d6 11. Nc3 Nd4 $146 ({Predecessor:} 11... O-O 12. Na4 dxe5 13. Bxe5 f6 14. Bb2 Re8 15. g3 Bh6 {1-0 (50) Matinian,N (2491)-Kulaots,K (2597) Minsk 2017}) 12. exd6 Qxd6 13. Ne4 Qc7 14. Nxd4 cxd4 15. Ba3 {[#] Nd6+ is the strong threat.} O-O $1 16. d3 Bf5 17. Ng3 Be6 18. Bc5 Rfe8 19. Rxe6 (19. Re4 $14) 19... fxe6 $11 20. Qg4 e5 21. h4 Qc8 22. Qxc8 Rexc8 23. Bxe7 Re8 (23... Kf7 $5 {[%cal Rf7e7]} 24. Bg5 Bf6 $15) 24. Bd6 Bf8 25. c5 Be7 26. h5 gxh5 27. Ne4 Kf7 28. Bxe5 Bxc5 29. f4 Ba3 30. Kf2 Kg6 31. Rh1 Rxe5 32. fxe5 {[%mdl 4096] Endgame KRB-KRN} Re8 33. Rh3 Rxe5 34. Rg3+ Kf7 35. Ng5+ Ke8 36. Nf3 Rc5 37. Nxd4 Bb2 38. Ne2 Rc2 39. Rg5 Bd4+ 40. Kf3 Bb6 41. a4 Rd2 42. Nf4 Bc7 43. Rxh5 (43. Ne6 {seems wilder.} Rxd3+ 44. Ke4 Rd7 45. Rxh5 Re7 46. Rh6) 43... Bxf4 $1 {The position is equal.} 44. Kxf4 {Strongly threatening g4.} Rxg2 45. Rxh7 $14 {KR-KR} Rb2 46. Rxa7 {[#] Black must now prevent Rb7.} Rxb3 47. d4 {next Ke5 is good for White.} Kd8 48. Ke5 {And now Kd6 would win.} Rb4 49. a5 {Threatens to win with Kd6.} Kc8 50. a6 Ra4 51. d5 (51. Re7 {seems wilder.} Rxa6 52. Kd6 c5+ 53. Kxc5 Kd8 54. Rh7) 51... cxd5 52. Kxd5 (52. Kd6 {is more complex.} Kb8 53. Rb7+ Ka8 54. Kc5 Rxa6 55. Re7) 52... Kb8 53. Rb7+ Ka8 54. Rb6 Ka7 55. Re6 Ra5+ 56. Kc4 Rxa6 57. Rxa6+ Kxa6 {Precision: White = 66%, Black = 63%.} 1/2-1/2

[Event "FIDE World Cup 2017"]
[Site "Tbilisi"]
[Date "2017.09.03"]
[Round "1.1"]
[White "Cheparinov, Ivan"]
[Black "Mastrovasilis, Dimitrios"]
[Result "1-0"]
[WhiteElo "2695"]
[BlackElo "2573"]
[Annotator "TA"]
[PlyCount "63"]
[EventDate "2017.??.??"]
[EventType "k.o."]
[EventCountry "GEO"]
[SourceTitle "playchess.com"]
[Source "ChessBase"]
[SourceQuality "1"]

{[%evp 14,63,0,-11,28,28,21,29,39,-33,39,37,48,35,41,47,46,46,39,39,43,41,36,34,41,41,143,135,129,118,225,79,68,76,84,14,87,80,90,82,287,297,265,252,373,322,416,164,164,162,463,454]} 1. d4 d5 2. Nf3 Nf6 3. c4 e6 4. Nc3 c5 5. cxd5 Nxd5 6. e3 Nc6 7. Bd3 Be7 8. a3 {LiveBook: 3 Games. D42: Queen's Gambit Declined: Semi-Tarrasch: 5 cxd5 Nxd5 6 e3 Nc6 7 Bd3} (8. O-O O-O 9. Nxd5 Qxd5 10. e4 Qd6 11. dxc5 Qxc5 12. Be3 Qa5 13. a3 Ne5 14. b4 Nxf3+ 15. Qxf3 Qe5 16. Bf4 Qd4 17. Rfd1 g6 {0-1 (32) So,W (2812)-Vachier Lagrave,M (2796) Leuven 2017}) 8... O-O 9. Nxd5 Qxd5 10. Qc2 {The position is equal.} h6 {[%cal Rc5d4]} 11. Bh7+ Kh8 {White must now prevent ...g6.} 12. Be4 Qd6 {[%cal Rc5d4]} 13. dxc5 Qxc5 14. Qxc5 Bxc5 15. b4 {[%cal Bb2b4,Bb4b5][%mdl 32]} Be7 16. Bb2 $146 Bd7 17. Ke2 Rfd8 18. Rhd1 Kg8 19. Rac1 Rac8 (19... Be8 $14) 20. b5 Nb8 21. a4 $36 {[%mdl 2048] Black is under strong pressure.} b6 (21... a6 $16 {might work better.}) 22. Bb7 (22. Be5 $1 $18 {is the precise move to win.}) 22... Rxc1 $16 23. Rxc1 f6 24. e4 (24. Nd4 $1 $16) 24... Kf7 (24... e5 $1 $11) 25. e5 Bc5 26. Nd2 {Hoping for Ne4.} fxe5 $2 (26... Be8 $16 {was worth a try.}) 27. Ne4 $18 ({Weaker is} 27. Bxe5 Bc8 $16) 27... Bd4 28. Ba3 Be8 (28... Kg8 $142 29. Rc7 Re8) 29. Nd6+ Ke7 {[#]} 30. Rc7+ $2 (30. Nc8+ $1 Kf7 31. Bd6) 30... Rd7 {[#]} 31. Rc8 $1 {[%cal Rc8e8][%mdl 1024] White has strong compensation.} Rd8 $2 {[#]} (31... Bh5+ 32. Bf3 Bxf3+ 33. Kxf3 Bc5 34. Bxc5 bxc5) 32. Nf7+ $1 {[%mdl 512] Precision: White = 58%, Black = 31%.} 1-0

[Event "FIDE World Cup 2017"]
[Site "Tbilisi"]
[Date "2017.09.03"]
[Round "1.1"]
[White "Inarkiev, Ernesto"]
[Black "Mchedlishvili, Mikheil"]
[Result "1-0"]
[WhiteElo "2694"]
[BlackElo "2607"]
[Annotator "TA"]
[PlyCount "57"]
[EventDate "2017.??.??"]
[EventType "k.o."]
[EventCountry "GEO"]
[SourceTitle "playchess.com"]
[Source "ChessBase"]
[SourceQuality "1"]

{[%evp 15,57,3,12,-19,0,-4,0,0,18,-2,-20,-10,20,30,39,35,87,85,90,85,97,90,106,111,72,50,77,12,127,0,0,0,174,172,237,232,235,216,234,177,593,584,29995,29996]} 1. e4 d6 2. d4 Nf6 3. Nc3 g6 4. f4 Bg7 5. Nf3 O-O 6. Be3 b6 7. e5 Ng4 8. Bg1 c5 {LiveBook: 37 Games. B09: Pirc Defence: Austrian Attack} 9. Qe2 {[#] Hoping for Qe4.} (9. dxc5 bxc5 10. h3 Nh6 11. Bc4 Nc6 12. Qe2 Nf5 13. Bf2 dxe5 14. Bd5 Ncd4 15. Qd3 Rb8 16. fxe5 Rxb2 {0-1 (24) Stefanova,A (2545)-Lagno,K (2539) Moscow 2010}) 9... cxd4 $146 ({Predecessor:} 9... Ba6 10. Nb5 cxd4 11. Bxd4 Nc6 12. O-O-O Bxb5 13. Qxb5 Nxd4 14. Rxd4 Qb8 {0-1 (40) Jurkiewicz,K (2184)-Reizniece,D (2275) Aviles 2000}) 10. Bxd4 {White wants to play Qe4.} Nc6 {The position is equal.} 11. O-O-O Nxd4 12. Rxd4 Nh6 13. g3 Bb7 14. Bh3 b5 15. Kb1 (15. Nxb5 $2 Qb6 $19) 15... Nf5 (15... Rb8 $14) 16. Bxf5 $1 $16 gxf5 17. Rhd1 {[%cal Re5d6]} (17. Nxb5 Qb6 $15) 17... Qc8 18. Nd5 $36 {[%mdl 2048] White is in control.} ({Don't play} 18. Nxb5 $6 Rb8 $11) 18... Re8 19. R4d3 (19. Qxb5 $6 e6 $11) 19... b4 20. Nxb4 Be4 21. Rd4 ({Much worse is} 21. exd6 exd6 22. Ng5 (22. Rxd6 $2 Qb7 $19) 22... Qc4 $17) (21. Rb3 $16) 21... Rb8 {[#]} (21... a5 $1 $11 22. Nd3 Rb8) 22. b3 (22. Ng5 $1 $16) 22... a5 23. Nd5 a4 $2 (23... Bxf3 $1 $11 24. Qxf3 dxe5 25. fxe5 Bxe5) 24. Rxa4 $18 Qc5 (24... e6 {is a better defense.}) 25. Rxe4 fxe4 26. Qxe4 {Black must now prevent Ng5.} dxe5 27. fxe5 {Ng5 is the strong threat.} Rbd8 $2 (27... e6) 28. Ng5 e6 {[%cal Rd8d5]} 29. Nf6+ {Precision: White = 56%, Black = 38%.} 1-0

[Event "FIDE World Cup 2017"]
[Site "Tbilisi"]
[Date "2017.09.03"]
[Round "1.1"]
[White "Najer, Evgeniy"]
[Black "Aleksandrov, Aleksej"]
[Result "1-0"]
[WhiteElo "2694"]
[BlackElo "2580"]
[Annotator "TA"]
[PlyCount "101"]
[EventDate "2017.??.??"]
[EventType "k.o."]
[EventCountry "GEO"]
[SourceTitle "playchess.com"]
[Source "ChessBase"]
[SourceQuality "1"]

{[%evp 17,101,8,41,0,0,0,0,6,12,5,29,6,9,14,8,6,14,0,0,0,0,0,19,0,15,0,8,0,5,0,4,-24,-15,-42,0,0,0,0,0,0,0,0,3,0,0,-27,0,0,0,0,13,13,11,0,127,119,1285,1231,1102,1057,879,750,711,728,687,664,550,618,554,527,804,803,759,710,805,522,982,940,1711,1422,12840,12840,29981,29982,29982,29983]} 1. e4 e5 2. Nf3 Nc6 3. Bc4 Bc5 4. c3 Nf6 5. d3 d6 6. Bg5 h6 7. Bh4 Qe7 8. Nbd2 {C54: Giuoco Piano: 4 c3 Nf6, main lines with 5 d4 and 5 d3} a6 9. a4 Ba7 {LiveBook: 4 Games} 10. Qe2 {White is slightly better.} (10. b4 Bd7 11. Rb1 g5 12. Bg3 Nh5 13. b5 axb5 14. axb5 Na5 15. Bd5 Nxg3 16. hxg3 {0-1 (43) Salem,A (2638)-Giri,A (2775) Geneve 2017}) 10... Be6 $146 ({Predecessor:} 10... Bd7 11. b4 g5 12. Bg3 Nh5 13. Nb3 Nd8 14. d4 f6 15. b5 Be6 16. bxa6 bxa6 {½-½ (31) Turzak,M (2010)-Mrva,V (2149) Slovakia 2009}) 11. b4 O-O 12. O-O Rfe8 (12... g5 $5 {[%cal Rg5h4]} 13. Bg3 Rfb8 $11) 13. Rfb1 Rab8 (13... g5 $5 {[%cal Rg5h4]} 14. Bg3 Bxc4 15. Nxc4 b5 $14) 14. a5 Bxc4 15. Nxc4 Qe6 16. Bxf6 Qxf6 17. b5 axb5 18. Rxb5 Nd8 19. Rab1 Ra8 (19... c6 $5 {[%cal Rc6b5]} 20. R5b2 Ra8 $14) 20. g3 Qe6 21. Kg2 c6 22. R5b2 Bb8 23. Ra1 Bc7 24. Nb6 Ra6 25. Qc2 g6 26. h4 h5 27. Rbb1 Kg7 28. Qb2 d5 (28... Bxb6 $5 29. axb6 Rxa1 30. Rxa1 Qd7 $11) 29. Re1 f6 (29... Bxb6 $5 30. axb6 Rxa1 31. Qxa1 (31. Rxa1 f6 $11) 31... Qd6 $11) 30. Qb4 Qf7 31. Rab1 Bxb6 32. axb6 Ne6 33. d4 dxe4 (33... Qd7 $5 {[%cal Re6f4]} 34. dxe5 Nf4+ 35. Kg1 Nh3+ 36. Kg2 Nf4+ 37. Kg1 Nh3+ 38. Kg2 Nf4+ $11) 34. Rxe4 exd4 35. Rbe1 {[#] And now Qd6 would win.} Raa8 (35... c5 $11 {keeps the balance.} 36. Qb3 dxc3) 36. Nxd4 $16 c5 $2 {[%mdl 8192]} (36... Nxd4 $16 37. Re7 Rxe7 38. Rxe7 Ne6) 37. Nxe6+ $18 Rxe6 38. Qxc5 Rc6 39. Qxc6 bxc6 40. Re7 Rb8 41. Rxf7+ Kxf7 {[%mdl 4096] Endgame KR-KR} 42. Rb1 Ke6 43. Kf3 Kd5 44. b7 g5 45. Ke3 Kc4 46. Kd2 gxh4 47. gxh4 c5 48. Kc2 f5 49. Rb6 f4 50. f3 Kd5 51. Kb3 {Precision: White = 49%, Black = 33%.} 1-0

[Event "FIDE World Cup 2017"]
[Site "Tbilisi"]
[Date "2017.09.03"]
[Round "1.1"]
[White "Ponomariov, Ruslan"]
[Black "Sethuraman, S P"]
[Result "1/2-1/2"]
[WhiteElo "2694"]
[BlackElo "2617"]
[Annotator "TA"]
[PlyCount "31"]
[EventDate "2017.??.??"]
[EventType "k.o."]
[EventCountry "GEO"]
[SourceTitle "playchess.com"]
[Source "ChessBase"]
[SourceQuality "1"]

{[%evp 19,31,0,-14,-33,-25,-26,-28,-55,0,0,7,10,7,0]} 1. e4 e5 2. Nf3 Nc6 3. Bc4 Bc5 4. c3 Nf6 5. d3 O-O 6. Nbd2 d6 7. b4 Bb6 8. O-O Ne7 {C54: Giuoco Piano: 4 c3 Nf6, main lines with 5 d4 and 5 d3} 9. a4 c6 10. Bb3 Ng6 {LiveBook: 6 Games} 11. d4 exd4 $146 ({Predecessor:} 11... h6 12. Qc2 Nh5 13. dxe5 dxe5 14. Nc4 Bc7 15. Ne1 Nhf4 16. f3 Qf6 17. g3 Nh3+ {1-0 (44) Fedoseev,V (2673)-Khanin,S (2416) Khanty-Mansiysk 2016}) 12. cxd4 Bg4 13. Qc2 d5 ({Black should play} 13... Nf4 $15) 14. e5 $11 {[#] aiming for a5.The position is equal.} Nh5 15. a5 Bc7 16. a6 1/2-1/2

[Event "FIDE World Cup 2017"]
[Site "Tbilisi"]
[Date "2017.09.03"]
[Round "1.1"]
[White "Kuzubov, Yuriy"]
[Black "Zhigalko, Sergei"]
[Result "1/2-1/2"]
[WhiteElo "2688"]
[BlackElo "2642"]
[Annotator "TA"]
[PlyCount "108"]
[EventDate "2017.??.??"]
[EventType "k.o."]
[EventCountry "GEO"]
[SourceTitle "playchess.com"]
[Source "ChessBase"]
[SourceQuality "1"]

{[%evp 19,108,14,0,0,11,-14,0,-23,0,0,0,0,0,0,0,0,0,0,0,0,0,0,0,0,0,0,0,0,0,-16,0,0,0,0,0,0,0,0,0,0,0,0,0,0,0,0,0,0,0,-10,-26,-9,-8,-7,0,-50,-38,-22,-9,-107,-54,-116,-29,-56,-28,-81,0,0,0,0,0,0,0,-3,0,0,0,0,0,0,0,0,0,0,0,0,0,0,0,0,0]} 1. c4 c5 2. Nf3 Nf6 3. Nc3 Nc6 4. e3 e6 5. d4 d5 6. cxd5 exd5 7. Bb5 cxd4 8. exd4 Bd6 {B14: Caro-Kann: Panov-Botvinnik Attack with 5...e6 and 5...g6} 9. O-O O-O 10. Bg5 Bg4 {LiveBook: 5 Games} 11. Bxc6 bxc6 12. h3 (12. Qd3 h6 13. Bh4 Bxf3 14. Qxf3 g5 15. Bg3 Re8 16. Rae1 Rxe1 17. Rxe1 Bxg3 18. Qxg3 {0-1 (40) Wen,Y (2613)-Sethuraman,S (2619) China 2017}) 12... Bh5 13. Re1 h6 $146 ({Predecessor:} 13... Rb8 14. b3 Bb4 15. Rc1 Qa5 16. Bxf6 Bxc3 {1-0 (35) Kanovsky,D (2391)-Cerveny,M (2327) Stare Mesto 2013}) 14. Bh4 $1 g5 15. Bg3 Qb8 16. Bxd6 Qxd6 17. Qd3 (17. g4 $5 {[%cal Rg4h5]} Bg6 18. Rc1 $11) 17... Bxf3 18. Qxf3 Rae8 19. Qd3 Rxe1+ 20. Rxe1 Re8 21. Rxe8+ Nxe8 22. Nd1 Qb4 23. Ne3 Qxb2 24. Ng4 h5 25. Ne5 Qc1+ 26. Kh2 Nd6 27. Qe3 Qxe3 28. fxe3 $11 {[%mdl 4096] Endgame KN-KN} f6 29. Nxc6 Nc8 30. Nb4 Nb6 31. Kg3 Kf7 32. Kf3 Ke6 33. Na6 Kd6 34. e4 Na4 35. exd5 Nc3 36. a3 f5 37. Nb4 (37. h4 $5 gxh4 38. Kf4 $17) 37... a5 38. Nc2 $1 Nxd5 39. g3 {[#]} (39. a4 $11) 39... a4 ({Black should try} 39... Ke6 $1 $17) 40. Ke2 (40. Ne1 $15) 40... Nc3+ (40... f4 $17 41. Kf2 fxg3+ 42. Kxg3 Nc3) 41. Ke3 Kd5 {aiming for ...Kc4.} 42. h4 {[#]} (42. Kd3 $11 Ne4 43. h4) 42... gxh4 (42... f4+ $1 $17 {[%mdl 512]} 43. Kf3 (43. gxf4 gxh4) 43... g4+ 44. Kxf4 Ne2+ 45. Kg5 Nxg3) 43. gxh4 {The position is equal.} Kc4 {And now ...Nd5+ would win.} 44. Kf4 Kb3 45. Nb4 $1 Kxa3 46. Nd3 Kb3 47. Nc5+ $1 Kc4 {[#]} (47... Kb2 {is interesting.} 48. Nxa4+ Nxa4 49. Kxf5) 48. Nxa4 $1 {[%mdl 512]} Nxa4 49. Kxf5 Kxd4 {KN-KP} 50. Kg5 Ke5 51. Kxh5 Kf6 52. Kg4 Kg6 53. h5+ Kh6 54. Kf4 Kxh5 {Precision: White = 65%, Black = 61%.} 1/2-1/2

[Event "FIDE World Cup 2017"]
[Site "Tbilisi"]
[Date "2017.09.03"]
[Round "1.1"]
[White "Rapport, Richard"]
[Black "Cordova, Emilio"]
[Result "1-0"]
[WhiteElo "2675"]
[BlackElo "2616"]
[Annotator "TA"]
[PlyCount "65"]
[EventDate "2017.??.??"]
[EventType "k.o."]
[EventCountry "GEO"]
[SourceTitle "playchess.com"]
[Source "ChessBase"]
[SourceQuality "1"]

{[%evp 13,65,-11,-14,-12,-16,-16,-13,-26,-5,-32,0,0,14,30,29,22,53,41,77,75,72,0,83,75,74,80,69,73,102,39,32,30,34,47,147,166,145,132,148,165,303,302,349,328,385,383,372,260,1403,1347,1245,678,674,671]} 1. d4 Nf6 2. c4 e6 3. g3 d5 4. Bg2 Bb4+ 5. Bd2 Be7 6. cxd5 {E00: Catalan Bogo-Indian (3 g3 Bb4+)} (6. Nf3 c6 7. O-O O-O 8. Qc2 Nbd7 9. Rd1 Ne4 10. Bf4 g5 11. Be3 f5 12. Nc3 Nd6 13. b3 Bf6 14. Qc1 h6 15. h4 Nf7 16. hxg5 hxg5 17. Na4 Qe7 {1-0 (36) Giri,A (2771)-Carlsen,M (2832) Leuven 2017}) 6... exd5 7. Nc3 O-O {LiveBook: 12 Games} 8. Nh3 {The position is equal.} c6 9. O-O $146 ({Predecessor:} 9. Qc2 Na6 10. a3 Nc7 11. Nf4 Ne6 12. Nxe6 Bxe6 13. O-O Qd7 14. b4 Bh3 15. Bg5 Bxg2 {½-½ (15) Gaprindashvili,N (2318)-Razuvaev,Y (2540) Elista 2002}) 9... Bf5 10. Kh1 Nbd7 {[%cal Bb8d7,Bd7b6,Bb6c4][%mdl 32]} 11. f3 Nb6 12. Nf4 Nc4 13. Bc1 Bb4 14. Qb3 a5 15. e4 Bg6 16. e5 Ne8 17. Nce2 ({Better is} 17. Bh3 $16) 17... Nc7 (17... Bf5 $1 $11 {keeps the balance.}) 18. Nxg6 $16 hxg6 19. Qd3 a4 20. Bh3 f5 21. a3 (21. Rb1 $16) 21... Ba5 $14 22. Rg1 Ne6 23. f4 Bb6 (23... Qb6 $14) 24. g4 $16 Qh4 25. gxf5 gxf5 26. Bxf5 {[%cal Bh3f5,Bf5g6,Bg6e4,Be4d5][%mdl 32]} Rae8 (26... Rxf5 $142 27. Qxf5 Nxd4 28. Nxd4 Bxd4) 27. Bg6 $18 Nxd4 28. Nxd4 Bxd4 29. Qxd4 Rxe5 {[#] aiming for ...Re2.} 30. Be4 c5 $2 (30... Re7 31. Bxd5+ cxd5) 31. Bxd5+ {White is clearly winning.} (31. fxe5 $2 {loses.} cxd4 32. Bxd5+ Kh8 $19) 31... Kh8 32. Qxc4 Rh5 {[%csl Gh5][%cal Rh4h2]} 33. Qe2 {Precision: White = 61%, Black = 40%.} ({Worse is} 33. Rg2 Qe1+ 34. Rg1 Qf2 $11) 1-0

[Event "FIDE World Cup 2017"]
[Site "Tbilisi"]
[Date "2017.09.03"]
[Round "1.1"]
[White "Dubov, Daniil"]
[Black "Fridman, Daniel"]
[Result "1/2-1/2"]
[WhiteElo "2666"]
[BlackElo "2625"]
[Annotator "TA"]
[PlyCount "72"]
[EventDate "2017.??.??"]
[EventType "k.o."]
[EventCountry "GEO"]
[SourceTitle "playchess.com"]
[Source "ChessBase"]
[SourceQuality "1"]

{[%evp 15,72,-6,26,31,52,52,54,62,68,64,58,75,108,108,113,107,107,102,85,55,65,50,61,35,39,35,50,43,78,-87,-97,-80,4,12,7,-78,-67,-83,-21,-24,-37,-34,-20,-19,-15,-10,-13,-19,0,-23,-8,-18,-13,-43,0,-18,0,-54,0]} 1. d4 Nf6 2. c4 e6 3. Nf3 d5 4. g3 dxc4 5. Bg2 c5 6. O-O Nc6 7. Na3 cxd4 8. Nxc4 Be7 {LiveBook: 19 Games} 9. b3 {E04: Open Catalan: 5 Nf3} Ne4 $146 ({Find the theoretical novelty and annotate with similar games:} 9... d3 10. e3 O-O 11. Bb2 Ne4 12. Nfe5 Nxe5 13. Nxe5 Nc5 14. b4 Nd7 15. Nxd3 a5 16. a3 Bf6 {½-½ (45) Fridman,D (2627)-Inkiov,V (2451) Belgium 2008}) 10. Bb2 $1 {[%cal Rf3d4][%mdl 1024] White has compensation.} Nc3 11. Qd2 {White is slightly better.} Bf6 12. Ba3 {Nd6+ is the strong threat.} Nb5 13. Bc5 {And now a4 would win.} Be7 14. Bxe7 Qxe7 15. a4 Nc3 16. Rfe1 Ne4 17. Qf4 f5 18. Rad1 Qf6 19. e3 dxe3 20. Qxe3 {Threatens to win with Nfd2.} O-O 21. Nd4 Nb4 22. Nd2 $2 ({Reject} 22. Bxe4 fxe4 23. Qxe4 e5 $11) (22. f4 $16) 22... e5 $17 23. Nxf5 Nxf2 (23... Nc2 $1 $17 {[%cal Rc2e3]} 24. Nxe4 Qxf5) 24. Qxf2 $11 {Black must now prevent Qc5.} Bxf5 25. Bxb7 {[#]} (25. Ne4 $1 $11 {remains equal.} Qe7 26. Qc5 Qxc5+ 27. Nxc5) 25... Rab8 $1 $17 {[%cal Rb8b7]} 26. Be4 $1 {[#]} Bg4 ({Better is} 26... Nc2 $1 $17 {[%cal Rc2e1]} 27. Bxc2 Bxc2 28. Qxf6 gxf6) 27. Qxf6 $11 gxf6 28. Bf3 Bxf3 (28... Bf5 {is more complex.} 29. Rf1 Bh3 30. Rf2 Nd3 31. Re2 Be6) 29. Nxf3 Rfd8 30. Rxd8+ Rxd8 {[%mdl 4096] Endgame KRN-KRN} 31. Rc1 Rd7 32. a5 Kf7 33. Rc4 Nd5 34. Rc6 Nb4 35. Rc4 Nd5 36. Rc6 Nb4 {Precision: White = 58%, Black = 45%.} (36... Rc7 $15 37. Rxc7+ Nxc7) 1/2-1/2

[Event "FIDE World Cup 2017"]
[Site "Tbilisi"]
[Date "2017.09.03"]
[Round "1.1"]
[White "Akobian, Varuzhan"]
[Black "Kovalyov, Anton"]
[Result "0-1"]
[WhiteElo "2662"]
[BlackElo "2649"]
[Annotator "TA"]
[PlyCount "122"]
[EventDate "2017.??.??"]
[EventType "k.o."]
[EventCountry "GEO"]
[SourceTitle "playchess.com"]
[Source "ChessBase"]
[SourceQuality "1"]

{[%evp 26,122,-10,-15,0,0,0,0,0,-10,-10,-10,-10,-16,-16,-18,-10,-8,-16,-62,0,0,0,-59,-59,-114,-113,-116,-117,-134,-128,-129,-123,-123,-116,-116,-116,-116,-116,-116,-116,-116,-116,-155,-120,-112,-112,-110,-49,-49,-49,-129,-121,-221,-213,-207,-208,-200,-191,-545,-504,-634,-635,-588,-581,-529,-497,-479,-481,-568,-472,-574,-567,-663,-659,-647,-616,-604,-512,-598,-598,-597,-597,-625,-632,-685,-610,-1787,-1625,-1167,-1435,-1200,-1264,-5128,-5122,-29988,-29989,-29986,-29986]} 1. d4 Nf6 2. c4 e6 3. Nf3 d5 4. Nc3 dxc4 5. e3 a6 6. a4 c5 7. Bxc4 Nc6 8. O-O Be7 9. dxc5 Bxc5 10. Qe2 Qc7 11. h3 O-O 12. Rd1 b6 13. e4 Nd7 {D27: Queen's Gambit Accepted: Classical main line: 7 e4!? and 7 a4} 14. Be3 {LiveBook: 9 Games} Bxe3 15. Qxe3 Nb4 {The position is equal.} 16. Qe2 Bb7 17. Rac1 Nc5 18. Qe3 $146 ({Find the theoretical novelty and annotate with similar games:} 18. Rd4 Rad8 19. Rcd1 Rxd4 20. Rxd4 Rd8 21. Qd2 Rxd4 22. Qxd4 {½-½ (48) Malesevic,N (2335)-Vernersson,P (2516) Sweden 2005}) 18... Rad8 19. Be2 Rxd1+ 20. Rxd1 h6 21. Qd4 Nc6 22. Qc4 Na5 23. Qd4 Nc6 $36 {[%mdl 2048] Black has some pressure.} 24. Qc4 a5 25. g3 (25. Qa2 $15) 25... Rd8 $17 26. Rxd8+ Qxd8 27. Kf1 Ba6 28. Nb5 Nb4 29. b3 Qf6 30. e5 Qf5 31. Kg2 Bb7 32. Nd6 Bxf3+ $1 33. Bxf3 Qxe5 34. Ne4 Nbd3 35. Nxc5 Ne1+ 36. Kh1 {[#] Strongly threatening Nd7.} bxc5 (36... Qxc5 $17 37. Qxc5 bxc5) 37. Be4 $1 $15 f5 38. Bc6 (38. Bb7 $15) 38... Qd6 $17 39. Qb5 (39. Bb7 $17 {might work better.}) 39... Nd3 40. f4 g5 41. Bf3 gxf4 42. Qe8+ $2 (42. gxf4 {was the crucial defense.} Nxf4 43. Qxa5) 42... Kg7 $19 43. Bh5 Qd5+ 44. Kh2 {[#] Intending Qg6+ and mate.} fxg3+ 45. Kxg3 {White wants to mate with Qg6+.} Qd6+ 46. Kf3 {White threatens Qg6+ and mate.} Ne5+ 47. Ke2 Qd3+ 48. Ke1 {next Qe7+ is good for White.} Qe3+ 49. Kf1 Qxh3+ 50. Kg1 {intending Qe7+.} Qg3+ 51. Kf1 Qd3+ 52. Ke1 {and if Qe7+ works, White does fine.} Qd6 53. Be2 f4 {[%cal Bf5f4,Bf4f3,Bf3f2][%mdl 32]} 54. Qa8 Qd5 55. Qxa5 f3 56. Bb5 Qe4+ 57. Kd2 Qd4+ 58. Kc2 c4 59. bxc4 f2 60. Qc7+ Kf6 61. c5 Nc4 {Precision: White = 37%, Black = 74%.} 0-1